| 000 | | | 03804nmc2a2200000 x 450 |
| 001 | | | 9d02fe62-73d0-41f0-99a7-178d88250d7e |
| 005 | | | 20171117234900.0 |
| 100 | ## | $a | 20160830l18461851k l0rusy0189 ca |
| 101 | 0# | $a | rus |
| 102 | ## | $a | RU |
| 200 | 1# | $a | Дело по отношению Первого департамента Министерства государственных имуществ об отнесении на счёт земских сборов Ярославской губернии некоторых значительных мостов, лежащих на натуральной повинности государственных крестьян |
| | $j | 2 июля 1846 г. - 11 мая 1851 г. |
| 251 | ## | $c | Дело |
| 300 | ## | $a | Дело |
| 801 | #0 | $a | RU |
| | $b | РГИА |
| | $c | 20160830 |
| | $g | RCR |
| 801 | #1 | $a | RU |
| | $b | ГлавНИВЦ |
| | $c | 20160830 |
| | $2 | rusmarc |
| 801 | #2 | $a | RU |
| | $b | ПБ им. Б.Н. Ельцина |
| | $c | 20171117 |
| | $g | RCR |
| | $2 | rusmarc |
| 850 | ## | $a | РГИА |
| 852 | ## | $a | РГИА |
| | $e | Федеральное казенное учреждение "Российский государственный исторический архив" (РГИА) |
| | $j | 1344 |
| 937 | ## | $h | РГИА |
| | $d | 12207064 |
| | $a | ASBIBLIO_SCAN |
| 462 | #0 | $1 | 001a27eaba9-7cb9-40a7-a26f-8911768d1c13 |
| | $1 | 2001 |
| | $a | 1846-1847 гг. Дела Департамента полиции исполнительной за 1846 г. |
| | $1 | 251 |
| | $c | Опись |
| | $1 | 852 |
| | $j | 10 |
| 461 | #0 | $1 | 0013e300ed0-cd39-49af-8489-5ba5b90fa401 |
| | $1 | 2001 |
| | $a | Департамент полиции исполнительной МВД |
| | $1 | 251 |
| | $c | Фонд |
| | $1 | 852 |
| | $j | 1286 |
| 215 | ## | $a | 55 л. |
| | $d | 36,5х26 см |
| 371 | ## | $a | Документ не является опубликованным и широко распространяемым |
| 105 | ## | $a | y### |
| 122 | 2# | $a | d |
| 035 | ## | $a | 9d02fe62-73d0-41f0-99a7-178d88250d7e |
| 856 | ## | $u | http://readingroom.main.prlib.ru/item.aspx?id_node=n109240511&mode=full |